Steps to writing well : (Record no. 2074)

MARC details
000 -LEADER
fixed length control field 00648nam a22002297a 4500
001 - CONTROL NUMBER
control field BD-DhSAU 2074
003 - CONTROL NUMBER IDENTIFIER
control field BD-DhSAU
005 - DATE AND TIME OF LATEST TRANSACTION
control field 20150126113122.0
008 - FIXED-LENGTH DATA ELEMENTS--GENERAL INFORMATION
fixed length control field 150126b1999 -usa|||| |||| 001 0 eng d
020 ## - INTERNATIONAL STANDARD BOOK NUMBER
International Standard Book Number 0155054511
040 ## - CATALOGING SOURCE
Original cataloging agency BD-DhSAU
082 ## - DEWEY DECIMAL CLASSIFICATION NUMBER
Edition number 22
Classification number 372.623
Item number WYS
100 ## - MAIN ENTRY--PERSONAL NAME
Personal name Wyrick, Jean
245 ## - TITLE STATEMENT
Title Steps to writing well :
Remainder of title with additional readings /
Statement of responsibility, etc. Jean Wyrick
250 ## - EDITION STATEMENT
Edition statement 4th ed.
260 ## - PUBLICATION, DISTRIBUTION, ETC. (IMPRINT)
Place of publication, distribution, etc. United States of America :
Name of publisher, distributor, etc. Harcourt Brace College Publishers ,
Date of publication, distribution, etc. 1999 .
300 ## - PHYSICAL DESCRIPTION
Extent xxiv, 641 p. :
Other physical details ill. ;
Dimensions 24 cm.
504 ## - BIBLIOGRAPHY, ETC. NOTE
Bibliography, etc includes index
590 ## - Name of Cataloguer
Name of Cataloger tamanna
650 ## - SUBJECT ADDED ENTRY--TOPICAL TERM
Topical term or geographic name as entry element English
650 ## - SUBJECT ADDED ENTRY--TOPICAL TERM
Topical term or geographic name as entry element English writing
942 ## - ADDED ENTRY ELEMENTS (KOHA)
Source of classification or shelving scheme Dewey Decimal Classification
Koha item type Book
Holdings
Withdrawn status Lost status Source of classification or shelving scheme Damaged status Not for loan Home library Branch Name Shelving location Date acquired Total Checkouts Full call number Barcode Date last seen Price effective from Koha item type
    Dewey Decimal Classification     SAU Library SAU Library General Stacks 19/06/2008   372.623 WYS 34030 26/01/2015 26/01/2015 Book
    Dewey Decimal Classification     SAU Library SAU Library General Stacks 19/06/2008   372.623 WYS 34033 26/01/2015 26/01/2015 Book
    Dewey Decimal Classification     SAU Library SAU Library General Stacks 19/06/2008   372.623 WYS 34031 26/01/2015 26/01/2015 Book
    Dewey Decimal Classification   Not For Loan SAU Library SAU Library Reference 30/06/2008   372.623 WYS 34029 01/05/2015 01/05/2015 Book
    Dewey Decimal Classification     SAU Library SAU Library General Stacks 09/06/2008   372.623 WYS 34032 24/06/2015 24/06/2015 Book